Catalog

Record Details

Catalog Search



That's what leprechauns do / by Eve Bunting ; ... Read More

Available copies

  • 0 of 2 copies available at LARL/NWRL Consortium.
  • 0 of 1 copy available at Lake Agassiz Regional Library. (Show preferred library)

Current holds

0 current holds with 2 total copies.

Show Only Available Copies
Location Call Number / Copy Notes Barcode Shelving Location Status Due Date
Moorhead Public Library E B (Text) 33500008996738 Main Checked out 07/15/2026
Thief River Falls Public Library e BUN (Text) 35500004937262 Main Checked out 07/16/2026

Record details

  • ISBN: 0618354107
  • Physical Description: 32 p. : col. ill. ; 28 cm.
  • Publisher: New York : Clarion Books, 2005.

Content descriptions

Summary, etc.:
When leprechauns Ari, Boo, and Col need to place ... Read More
Subject: Leprechauns > Fiction.
LDR 01498cam a2200325 a 4500
00167424
003LARL_NWRL_CONSORTIUM
00520060323082500.0
008040930s2005 nyua b 000 1 eng
010 . ‡a2004022941
020 . ‡a0618354107
035 . ‡a(OCoLC)56672355
040 . ‡aDLC ‡cDLC ‡dIG# ‡dBAKER ‡dIH9
042 . ‡alcac
08200. ‡a[E] ‡222
1001 . ‡aBunting, Eve, ‡d1928- ‡0(LARL_NWRL_CONSORTIUM)2561
24510. ‡aThat's what leprechauns do / ‡cby Eve Bunting ; illustrated by Emily Arnold McCully.
2461 . ‡aThat is what leprechauns do
260 . ‡aNew York : ‡bClarion Books, ‡c2005.
300 . ‡a32 p. : ‡bcol. ill. ; ‡c28 cm.
520 . ‡aWhen leprechauns Ari, Boo, and Col need to place the pot of gold at the end of the rainbow, they cannot help getting into mischief along the way.
650 1. ‡aLeprechauns ‡vFiction.
7001 . ‡aMcCully, Emily Arnold. ‡0(LARL_NWRL_CONSORTIUM)56874
901 . ‡a67424 ‡bOCLC ‡c67424 ‡tbiblio

Additional Resources